Rappers Quiz - Statistics

General Stats
  • This quiz has been taken 455 times
  • The average score is 12 of 15
Answer Stats
Hint Answer % Correct
Rap legend that died young and represented the west coast in the rivalry between the east and west coast.He was very ambitious and also a rider 2pac/Tupac
92%
Rapper who is known for dissing many people and also being one of the fastest rappers Eminem
92%
Rapper who got shot 9 Times and survived 50 Cent
91%
Rapper who sadly died young from an overdose who has very Lucid Dreams. Juice Wrld
90%
Rapper who apparently likes them a little younger. Drake
88%
Rapper who is known to Smoke a lot of Marijuana and grew up in long Beach. Friends with Martha Stewart Snoop Dog
88%
Controversial Rapper who Formerly wrote for another big name. He sometimes wonders and sometimes wonders about how it all falls down. Kanye West/Ye
87%
West Coast Rapper who recently dissed another big rapper making a song that some people would consider the song of the summer Kendrick Lamar
87%
Rapper who made many hits signed under Sean Diddy Combs record label and tragically died young as well. He represented the east coast in the east coast west coast rap rivalry. Biggie/Notorious B.I.G
80%
Rapper who might be the Middle child.He also doesn't have any role models J.Cole
79%
Female Rapper who calls hers fans "Barbz" Nicki Minaj
78%
This rapper took his mask off. Future
77%
New york Drill rapper who tragically died really young.Some would say he had a deep voice well actually most would. Pop Smoke
69%
Favorite Candies probably a Lollipop Lil Wayne
66%
Rapper who is a Ruff Ryder who tragically recently died. DMX
39%
No matching quizzes found
Score Distribution
Percent of People with Each Score
Percentile by Number Answered
Your Score History
You have not taken this quiz